000 00393nam a2200157Ia 4500
003 0STCL
008 150530s9999 xx 000 0 und d
040 _aSTCL
_cSTCL
100 _aJohnson; Chakravarty, K.C.; Editor
245 _aSamuel Johnson life of Dryden
260 _bLakshmi Narain Agarwal
_c1960
546 _aEnglish
942 _2ddc
_cBK
999 _c60815
_d60815
005 20220125171141.0